Papas el martes / (Registro nro. 12721)

Detalles MARC
000 -LIDER
fixed length control field 00976nam a22002777a 4500
003 - IDENTIFICACDOR DE NÚMERO DE CONTROL
control field DO-SdBNP
005 - DATE AND TIME OF LATEST TRANSACTION
control field 20171206110314.0
008 - ELEMENTOS DE LONGITUD FIJA
fixed length control field 161031b 1996 xxu a 00| 0 spa d
020 ## - ISBN
International Standard Book Number 0673758834
040 ## - FUENTE DE CATALOGACIÓN
Agencia que crea de manera original el registro BPMSU
Idioma de catalogación spa
Agencia que realiza la transcripción BPMSU
082 ## - NÚMERO DE CLASIFICACIÓN DECIMAL DE DEWEY
Classification number xxxx
Item number L729p
100 1# - ASIENTO PRINCIPAL -- NOMBRE PERSONAL
Nombre personal Lillegard, Dee
245 10 - MENCIÓN DE TITULO
Título Papas el martes /
Mención de responsabilidad Dee Lillegard ; ilustraciones David McPhail ; adaptación Mercedes Quintana Barragán ; traducción Patricia Almada, Natalia Ruano Martinez
260 ## - PUBLICACIÓN, DISTRIBUCIÓN, ETC. (PIE DE IMPRENTA)
Lugar de publicación, distribución, etc Estados Unidos :
Nombre del editor, distribuidor, etc. Celebration Press,
-- Scott Foresman,
Fecha de publicación, distribución, etc 1996.
300 ## - DESCRIPCIÓN FÍSICA
Extensión 8 p. :
Otros detalles físicos il. ;
Dimensiones 18 cm.
490 1# - MENCIÓN DE SERIES
Mención de serie Pequeñitas celebraciones
700 12 - ASIENTO SECUNDARIO -- NOMBRE PERSONAL
Nombre personal McPhail, David
Mención de responsabilidad il.
700 12 - ASIENTO SECUNDARIO -- NOMBRE PERSONAL
Nombre personal Quintana Barragán, Mercedes
Mención de responsabilidad adap.
700 12 - ASIENTO SECUNDARIO -- NOMBRE PERSONAL
Nombre personal Almada, Patricia
Mención de responsabilidad trad.
700 12 - ASIENTO SECUNDARIO -- NOMBRE PERSONAL
Nombre personal Ruano Martinez, Natalia
Mención de responsabilidad trad.
830 #0 - ASIENTO SECUNDARIO DE SERIE--TÍTULO UNIFORME
Título uniforme Pequeñitas celebraciones
910 ## - VALIDACIÓN
Validación 000144
942 ## - ADDED ENTRY ELEMENTS (KOHA)
Source of classification or shelving scheme Dewey Decimal Classification
Koha item type Libros
945 ## - INFORMACIÓN DE PROCESAMIENTO LOCAL
Información de procesamiento local inventariado extranjero / DG
956 ## - LOCAL ELECTRONIC LOCATION AND ACCESS (OCLC)
Método de acceso YLOCKWARD
Materiales especificados 10
Campo enlazado y núm. de secuencia BPMSU
Nombre de host Yngrid Lockward
Existencias
Withdrawn status Lost status Source of classification or shelving scheme Damaged status Not for loan Collection code Home library Current library Date acquired Source of acquisition Total Checkouts Full call number Barcode Date last seen Price effective from Koha item type
    Dewey Decimal Classification     Colección Infantil General Biblioteca Pública Metropolitana Salomé Ureña Biblioteca Pública Metropolitana Salomé Ureña 10/30/2017 Donado por la Biblioteca Infantil Juvenil República Dominicana   xxxx L729p BPMSU17100175 10/30/2017 10/30/2017 Libros